Normal view
MARC view
- Dr. Masrur Alam Khan
Entry Personal Name
001 - CONTROL NUMBER
- control field: 17871
003 - CONTROL NUMBER IDENTIFIER
- control field: NUST
005 - DATE AND TIME OF LATEST TRANSACTION
- control field: 20190717071906.0
008 - FIXED-LENGTH DATA ELEMENTS
- fixed length control field: 190717|| aca||aabn | a|a d
040 ## - CATALOGING SOURCE
- Original cataloging agency: NUST
- Transcribing agency: NUST
100 ## - HEADING--PERSONAL NAME
- Personal name: Dr. Masrur Alam Khan
670 ## - SOURCE DATA FOUND
- Source citation: Work cat.: (NUST): Afzal, Ayesha 17870, EFFECT OF MASS MEDIA ADVERTISEMENTS ON CONSUMER BUYING BEHAVIOR /, 2013.
